Départements français - Statistiques

Statistiques générales
  • Ce quiz a été pris 26 fois
  • Le résultat moyen est 56 sur 101
Statistiques - réponses
Numéro Département % Correct
01 Ain
94%
02 Aisne
94%
13 Bouches-du-Rhône
81%
15 Cantal
81%
2A Corse-du-Sud
81%
29 Finistère
81%
2B Haute-Corse
81%
03 Allier
75%
06 Alpes-Maritimes
75%
14 Calvados
75%
33 Gironde
75%
38 Isère
75%
10 Aube
69%
11 Aude
69%
12 Aveyron
69%
22 Côtes-d'Armor
69%
34 Hérault
69%
40 Landes
69%
44 Loire-Atlantique
69%
59 Nord
69%
60 Oise
69%
75 Paris
69%
93 Seine-Saint-Denis
69%
04 Alpes-de-Haute-Provence
63%
07 Ardèche
63%
30 Gard
63%
32 Gers
63%
05 Hautes-Alpes
63%
35 Ille-et-Vilaine
63%
42 Loire
63%
53 Mayenne
63%
57 Moselle
63%
62 Pas-de-Calais
63%
09 Ariège
56%
16 Charente
56%
17 Charente-Maritime
56%
21 Côte-d'Or
56%
25 Doubs
56%
27 Eure
56%
28 Eure-et-Loir
56%
971 Guadeloupe
56%
31 Haute-Garonne
56%
43 Haute-Loire
56%
52 Haute-Marne
56%
92 Hauts-de-Seine
56%
36 Indre
56%
37 Indre-et-Loire
56%
45 Loiret
56%
46 Lot
56%
47 Lot-et-Garonne
56%
972 Martinique
56%
56 Morbihan
56%
58 Nièvre
56%
61 Orne
56%
63 Puy-de-Dôme
56%
69 Rhône
56%
77 Seine-et-Marne
56%
76 Seine-Maritime
56%
19 Corrèze
50%
23 Creuse
50%
24 Dordogne
50%
26 Drôme
50%
91 Essonne
50%
74 Haute-Savoie
50%
65 Hautes-Pyrénées
50%
39 Jura
50%
974 La Réunion
50%
49 Maine-et-Loire
50%
50 Manche
50%
51 Marne
50%
976 Mayotte
50%
54 Meurthe-et-Moselle
50%
55 Meuse
50%
64 Pyrénées-Atlantiques
50%
66 Pyrénées-Orientales
50%
73 Savoie
50%
94 Val-de-Marne
50%
95 Val-d'Oise
50%
08 Ardennes
44%
67 Bas-Rhin
44%
18 Cher
44%
68 Haut-Rhin
44%
41 Loir-et-Cher
44%
48 Lozère
44%
72 Sarthe
44%
83 Var
44%
78 Yvelines
44%
85 Vendée
38%
973 Guyane
31%
70 Haute-Saône
31%
87 Haute-Vienne
31%
71 Saône-et-Loire
31%
80 Somme
31%
90 Territoire de Belfort
31%
84 Vaucluse
31%
86 Vienne
31%
88 Vosges
31%
89 Yonne
31%
79 Deux-Sèvres
25%
81 Tarn
19%
82 Tarn-et-Garonne
19%
Aucun quiz correspondant
Distribution des résultats
% des personnes avec chaque résultat
Percentile par nombre de réponses
Votre historique - résultats
Vous n’avez pas pris ce quiz